000 004480000a22001210004500
090 _aAS
_bSeriadas
245 1 0 _aNueva e interesante especie de Sloanea (Elaeocarpaceae) del Pacífico colombiano
041 0 _aEspañol
700 1 _aFernández Alonso, José Luis
_94621
100 1 _aPalacios Duque, Leonardo
_9100359
942 _cARTICULO
773 1 _tRevista de la Academia Colombiana de Ciencias Exactas, Físicas y Naturales
_h111
_q179-182
_d2005
_g29
999 _c16193
_d16193